000 00630nam a2200229Ia 4500
003 OSt
005 20220924114535.0
006 a|||||r|||| 00| 0
007 ta
008 220923b |||||||| |||| 00| 0 ara d
024 _a344141
037 _cTextual
040 _aARTS
_cARTS
_bara
041 _2ara
_aara
082 _aU8.461.N51, 28L8
100 _aAbdurrehman Aaisha Au.
_9174132
245 0 _aAraz al-muajizat
260 _aBeirut
_bDarul makatib al-arbi Lebanon
_c1978
650 _aTRAVEL
942 _hU8.461.N51, 28L8
_cTEXL
_2CC
999 _c394081
_d394081